Грамматика французского языка для студентов и школьников (Запис № 311282)

МАРК-запис
000 -Лідер
fixed length control field 00676nam a22002537a 4500
001 - Контрольний номер
control field 24994
003 - Ідентифікатор контрольного номера
control field UA-OsUOA
005 - Дата та час останнього входження (трансакції)
control field 20200928100651.0
007 - Фіксоване поле фізичного опису
fixed length control field ta
008 - Елементи даних фіксованої довжини – загальна інформація
fixed length control field 20040309b un ||||| |||| 00| 0 ukr d
020 ## - Міжнародний стандартний книжковий номер (ISBN)
Міжнародний стандартний книжковий номер (ISBN) (НП) 966-509-000-3
040 ## - Джерело каталогізації
Агенція оригінальної каталогізації UA-OsUOA
Мова каталогізації rus
Агенція, яка здійснювала перезапис UA-OsUOA
Агенція, яка здійснювала модифікацію UA-OsUOA
041 ## - Код мови
Код мови тексту/ звукової доріжки чи окремого заголовка (П) rus
044 ## - Код країни видавця/ виробника
Код країни видавця/ виробника (П) UA
080 ## - Індекс Універсальної десяткової класифікації
Індекс Універсальної десяткової класифікації (УДК) (НП) 81'36=133.1
090 ## - Локальний шифр розміщення
Класифікаційний індекс УДК 81'36=133.1
Авторський знак (НП) Х33
100 ## - Основне введення – ім’я особи
Ім’я особи (НП) Ховхун В. П.
245 ## - Відомості про назву
Назва (НП) Грамматика французского языка для студентов и школьников
Решта назви (НП) пособие
260 ## - Публікація, розповсюдження і т.п. (Вихідні дані)
Місце публікації, розповсюдження і т.п. (П) Киев
Ім’я/ наймення видавництва, розповсюджувача і т.п. (П) Логос
Дата публікації, розповсюдження і т.п. (П) 2003
300 ## - Фізичний опис
Обсяг 384 с.
650 #7 - Додаткове предметне введення – тематичний термін
Джерело заголовка чи терміна UDC
942 ## - Додаткові елементи входу (Коха)
Тип елемента Koha Книги
Source of classification or shelving scheme Universal Decimal Classification
955 ## - Код типу видання за змістом
Код типу видання за змістом (НП) інше
Фонди
Стан вилучень Стан втрат Джерело класифікації або схеми стелажів Стан уражень Не для кредиту Постійне місце розташування Поточне розміщення Дата придбання Вартість, звичайна ціна покупки Інвентарний номер Усього замовленно Повний номер виклику Штрих-код Дата останнього перегляду Ціна ефективна від Тип елемента Koha
Withdrawn   Universal Decimal Classification     АБ - Абонемент НБ АБ - Абонемент НБ 09/03/2004 9.00 78030   81'36=133.1 Х33 78030 13/07/2019 09/03/2004 Книги
    Universal Decimal Classification     АБ - Абонемент НБ АБ - Абонемент НБ 09/03/2004 9.00 78031   81'36=133.1 Х33 78031 11/01/2022 09/03/2004 Книги
    Universal Decimal Classification     АБ - Абонемент НБ АБ - Абонемент НБ 09/03/2004 9.00 78032   81'36=133.1 Х33 78032 11/01/2022 09/03/2004 Книги
    Universal Decimal Classification     АБ - Абонемент НБ АБ - Абонемент НБ 09/03/2004 9.00 78033   81'36=133.1 Х33 78033 11/01/2022 09/03/2004 Книги
    Universal Decimal Classification     АБ - Абонемент НБ АБ - Абонемент НБ 09/03/2004 9.00 78034   81'36=133.1 Х33 78034 11/01/2022 09/03/2004 Книги
    Universal Decimal Classification     АБ - Абонемент НБ АБ - Абонемент НБ 09/03/2004 9.00 78035   81'36=133.1 Х33 78035 11/01/2022 09/03/2004 Книги
    Universal Decimal Classification     АБ - Абонемент НБ АБ - Абонемент НБ 09/03/2004 9.00 78036   81'36=133.1 Х33 78036 11/01/2022 09/03/2004 Книги
    Universal Decimal Classification     АБ - Абонемент НБ АБ - Абонемент НБ 09/03/2004 9.00 78037   81'36=133.1 Х33 78037 11/01/2022 09/03/2004 Книги
    Universal Decimal Classification     АБ - Абонемент НБ АБ - Абонемент НБ 09/03/2004 9.00 78038   81'36=133.1 Х33 78038 11/01/2022 09/03/2004 Книги
    Universal Decimal Classification     АБ - Абонемент НБ АБ - Абонемент НБ 09/03/2004 9.00 78039   81'36=133.1 Х33 78039 11/01/2022 09/03/2004 Книги